000 00597nam a2200217Ia 4500
005 20241129105755.0
008 241129s9999||||xx |||||||||||||| ||und||
020 _a978-1-5297-0911-7
037 _aTB
040 _aARTS
_beng
_cARTS
041 _aeng
_2eng
084 _aY150aX:87 R0
_qARTS
100 _aPowell Gary N. Au.
_9724688
245 0 _aGender and leadership
_cPowell Gary N. Au.
260 _aLos Angeles, USA
_bSage
_c2020
300 _aix,110p.
365 _aUKP
_b45
650 _aSociologyWomen
_9726364
942 _cTB
_hY150aX:87 R0
999 _c1225881
_d1225881